000 00524ntaaa2200205 4500
003 01
005 20251027202839.0
008 0714s1973 ag 01
040 _aAR-BaBN
_bspa
_cAR-BaBN
_eaacr
_dRIC
082 _a268.6370 H66
100 _aHodges, Graham R
245 _aObject lessons for children's sermons
250 _a1 ed.
260 _aNew York :
_bAbingdon Press,
_cc1963
300 _a110 p
500 _a42 lessons with visual impact
650 _asermones-niños
650 _aniños-sermones
942 _cBK
999 _c23835
_d23835